000 00327nam a22001217a 4500
008 160520b xxu||||| |||| 00| 0 eng d
020 _a9780199738144
020 _a9780199738144
041 _aeng
080 _a612.39
245 _aNutritional anthropology:
_cDarna L. Dufour; Alan H. Goodman; Gretel H. Pelto;
942 _2udc
_cBK
999 _c2300
_d2300